000 00676nam a2200241Ia 4500
003 OSt
005 20221005114012.0
006 a|||||r|||| 00| 0
007 ta
008 221004b |||||||| |||| 00| 0 eng d
024 _a31494
037 _cTextual
040 _aCRL
_cCRL
_beng
041 _2eng
_aeng
082 _a401:73aN5, J5 RR
100 _aSavord Ruth Co.
_9625302
245 0 _aAmerican agencies interested in international affairs
260 _c1955
650 _aJOUNRALISM
_93876
700 _a Wasson Donald Co.
_9625303
942 _h401:73aN5, J5 RR
_cTEXL
_2cc
999 _c1029987
_d1029987